|
|
|
|
| LEADER |
00728nab a2200241 i 4500 |
| 001 |
misc65965 |
| 005 |
20231024115620.0 |
| 008 |
230524s1962 hu o 0|| ger d |
| 040 |
|
|
|a SZTE Miscellanea Repozitórium
|b hun
|
| 041 |
|
|
|a ger
|
| 041 |
|
|
|a fin
|
| 100 |
1 |
|
|a Räsänen Martti
|
| 245 |
1 |
0 |
|a Vähän omasta ja omaisuudesta
|h [elektronikus dokumentum] /
|c Räsänen Martti
|
| 260 |
|
|
|c 1962
|
| 300 |
|
|
|a 114-115
|c 25 cm
|
| 300 |
|
|
|a [2] p.
|c 25 cm
|
| 490 |
0 |
|
|a Virittäjä
|
| 561 |
|
|
|a Németh Gyula hagyaték
|
| 591 |
|
|
|a NOU 4789
|
| 650 |
|
4 |
|a Bölcsészettudományok
|
| 650 |
|
4 |
|a Nyelvek és irodalom
|
| 695 |
|
|
|a Keletkutatás
|
| 856 |
4 |
0 |
|u http://misc.bibl.u-szeged.hu/65965/1/4789_nou.pdf
|z Dokumentum-elérés
|